Java 2 AWT, swing, XML, and java beans programming black boo (Record no. 172298)

000 -LEADER
fixed length control field 00383nam a2200133Ia 4500
008 - FIXED-LENGTH DATA ELEMENTS--GENERAL INFORMATION
fixed length control field 220217s9999||||xx |||||||||||||| ||und||
020 ## - INTERNATIONAL STANDARD BOOK NUMBER
International Standard Book Number 81-7722-230-9
082 ## - DEWEY DECIMAL CLASSIFICATION NUMBER
Classification number 005.13 HOL
100 ## - MAIN ENTRY--PERSONAL NAME
Personal name Holzner, Steven
245 #0 - TITLE STATEMENT
Title Java 2 AWT, swing, XML, and java beans programming black boo
260 ## - PUBLICATION, DISTRIBUTION, ETC.
Place of publication, distribution, etc. Dreamtech
Name of publisher, distributor, etc. New Delhi
Date of publication, distribution, etc. 2002
300 ## - PHYSICAL DESCRIPTION
Other physical details 499
650 ## - SUBJECT ADDED ENTRY--TOPICAL TERM
Topical term or geographic name entry element PROGRAMMING LANGUAGE
Holdings
Withdrawn status Lost status Damaged status Not for loan Collection code Home library Current library Shelving location Date acquired Full call number Barcode Date last seen Price effective from Koha item type
        Computer Science and Engineering Central Library Central Library Book Cart 02/18/2022 005.13 HOL 7487 02/18/2022 02/18/2022 Books

Powered by Koha